Statistics for Word Scramble - Sports

Click here to take the quiz!

General Stats

  • This quiz has been taken 986 times
  • The average score is 9 of 10

Answer Stats

Hint Answer % Correct
LABLAKTSEBBasketball
100%
LAOOTFLBFootball
100%
ESABBLALBaseball
99%
LOEYLLLVBAVolleyball
99%
INNETSTennis
98%
YEKHOCHockey
97%
CERCOSSoccer
96%
XOBNIGBoxing
95%
GEDODLBALDodgeball
94%
AHRECYRArchery
70%

Score Distribution

Percentile by Number Answered

Percent of People with Each Score

Your Score History

You have not taken this quiz